Exploring energy choices : A preliminary report of the Ford Foundation's energy policy project
Saved in:
| Format: | Book |
|---|---|
| Language: | Undetermined |
| Published: |
Washington, D.C
Energy Policy Project Of The Ford Foundation
1974
|
| Subjects: | |
| Tags: |
Add Tag
No Tags, Be the first to tag this record!
|
| Institutions: | Trung tâm Học liệu Trường Đại học Cần Thơ |
|---|
| LEADER | 00557nam a2200181Ia 4500 | ||
|---|---|---|---|
| 001 | CTU_80804 | ||
| 008 | 210402s9999 xx 000 0 und d | ||
| 082 | |a 333.7 | ||
| 082 | |b E96 | ||
| 245 | 0 | |a Exploring energy choices : | |
| 245 | 2 | |b A preliminary report of the Ford Foundation's energy policy project | |
| 260 | |a Washington, D.C | ||
| 260 | |b Energy Policy Project Of The Ford Foundation | ||
| 260 | |c 1974 | ||
| 650 | |a Energy policy | ||
| 650 | |z United states | ||
| 904 | |i Trọng Hải | ||
| 980 | |a Trung tâm Học liệu Trường Đại học Cần Thơ | ||